00322nam a2200121Ia 4500008004100000041000800041082001400049100001800063245004500081260003300126300003000159365001100189240624s9999 xx 000 0 und d aeng a658.8 PAN aPANDA TAPAN K aCONTEMPORARY MARKETING THE CHANGING FACE c2006aHyderabadbICFAI press axxv, : 236 : p. : cm ; 23 cRSb50